000 00545nam a2200181Ia 4500
003 GCL
008 140319s9999 xx 000 0 ara d
040 _aGCL /
_cGCL
082 0 4 _a924.1
_bج ا
100 1 _aجميل علوش
245 1 0 _aابن الانبارى : وجهوده فى النحو /
_cجميل علوش
300 _a430 ص
490 _aالهيئة العامة للاستعلامات
_v0
650 0 4 _aالنحو
650 0 4 _aاللغة العربية - النحو
650 0 4 _aابن الانبارى
942 _2ddc
_cBK
999 _c49142
_d49142